00580nam a2200157Ia 4500008004100000100003100041245010000072245003100172260005900203260000900262650001800271650001500289856002600304999001900330952007300349170221s9999 xx 000 0 und d aAlla Kushniryk Stan Orlov. aHealth and Culture: Factors Influencing Immigrant Women’s Health Beliefs and Health Behaviour cAlla Kushniryk Stan Orlov. bOnline Journal of Communication and Media Technologies c2013 xCommunication xMedia Arts uhttp://www.ojcmt.net/ c310518d310518 001040aCLbCLd2017-02-21l0r2017-02-21 00:00:00w2017-02-21yFOJ